| 000 | 01375cam a22003854a 4500 | ||
|---|---|---|---|
| 001 | 12512739 | ||
| 003 | Ke-BoTe | ||
| 005 | 20220425165428.0 | ||
| 008 | 010824s2002 njua b 001 0 eng c | ||
| 010 | _a 2001045934 | ||
| 020 | _a0805373640 | ||
| 035 | _a(DNLM)101126704 | ||
| 040 |
_aDNLM/DLC _cDLC _dDLC |
||
| 042 | _apcc | ||
| 050 | 0 | 0 |
_aRT98 _b.E785 2002 |
| 060 | 1 | 0 |
_aWY 106 _bE73a 2002 |
| 082 | 0 | 0 |
_a610.73/43 _221 |
| 100 | 1 |
_aErvin, Naomi E. _93544 |
|
| 245 | 1 | 0 |
_aAdvanced community health nursing practice : _bpopulation-focused care / _cNaomi E. Ervin. |
| 260 |
_aUpper Saddle River, N.J. : _bPrentice Hall, _cc2002. |
||
| 300 |
_axiii, 498 p. : _bill. ; _c24 cm. |
||
| 500 | _aIncludes bibliographical references and index. | ||
| 650 | 0 |
_aCommunity health nursing. _93369 |
|
| 650 | 0 |
_aNeeds assessment. _93545 |
|
| 650 | 1 | 2 |
_aCommunity Health Nursing. _93369 |
| 650 | 2 | 2 |
_aCommunity Health Services _xorganization & administration. _93546 |
| 650 | 2 | 2 |
_aData Collection. _93547 |
| 650 | 2 | 2 |
_aHealth Services Needs and Demand. _93548 |
| 650 | 2 | 2 |
_aNeeds Assessment. _93549 |
| 650 | 2 | 2 |
_aProgram Evaluation. _93550 |
| 906 |
_a7 _bcbc _corignew _d1 _eocip _f20 _gy-gencatlg |
||
| 942 |
_2lcc _cBK _n0 |
||
| 999 |
_c1809 _d1809 |
||